|
|
|
|
| LEADER |
00000nam a2200000 a 4500 |
| 001 |
vtls001332920 |
| 003 |
SK-MaSNL |
| 005 |
20260301065927.0 |
| 008 |
240314s1855 xx 0 und |
| 035 |
|
|
|a SNK000285830
|
| 040 |
|
|
|a SNK
|b slo
|c SNK
|e AACR2
|
| 041 |
0 |
|
|a und
|
| 044 |
|
|
|a xx
|
| 100 |
1 |
|
|a Štúr, Dionýz,
|d 1827-1893
|4 aut
|9 123062
|
| 245 |
1 |
4 |
|a Der Gross-Glockner und die Besteigung desselben
|
| 260 |
|
|
|a [S.l.
|b s.n.
|c 1855]
|
| 300 |
|
|
|a S. 1-23
|
| 500 |
|
|
|a Aus dem Jahrbuche der k.k. geologischen Reichsanstalt. 6. Jahrgang 1855. 4. Vierteljahr. Seite 814
|
| 958 |
|
|
|a ONDV
|
| 999 |
|
|
|c 632507
|d 634437
|
| 952 |
|
|
|t P60, <03>, [BOOK], {603}
|a SNK
|b SNK
|y PREZ
|7 0
|p 17A0142534
|o snkSC 9816
|i snkKSF 2309/57
|8 5
|0 0
|1 0
|4 0
|d 1998-06-01
|l 0
|r 2025-07-09 00:00:00
|w 2026-02-23
|